Silicon application for the production and quality of raspberry fruit in a subtropical region (Registro n. 300156)
[ somente texto ]
| 000 -LÍDER | |
|---|---|
| fixed length control field | 03398nab a2200385 i 4500 |
| 003 - CÓDIGO MARC DA AGÊNCIA CATALOGADORA | |
| Campo de controle | BR-BrBNA |
| 005 - DATA E HORA DA ÚLTIMA ATUALIZAÇÃO | |
| Campo de controle | 20240620125302.0 |
| 008 - CAMPO DE TAMANHO FIXO | |
| fixed length control field | 240620b2023 bl.ar|pooa||| 00| 0 eng | |
| 040 ## - FONTE DA CATALOGAÇÃO | |
| Agência catalogadora | BR-BrBNA |
| Idioma da catalogação | eng |
| 072 ## - CATEGORIA AGRIS | |
| Código AGRIS | F04 |
| Código do objeto | 0950 |
| 072 ## - CATEGORIA AGRIS | |
| Código AGRIS | H50 |
| 100 ## - ENTRADA PRINCIPAL - NOME PESSOAL | |
| Nome pessoal | Silva, Alexandre Dias da |
| 100 ## - ENTRADA PRINCIPAL - NOME PESSOAL | |
| Nome pessoal | Pio, Rafael |
| 100 ## - ENTRADA PRINCIPAL - NOME PESSOAL | |
| Nome pessoal | Reis, Letícia Alves Carvalho |
| 100 ## - ENTRADA PRINCIPAL - NOME PESSOAL | |
| Nome pessoal | Afridi, Muhammad Siddique |
| 100 ## - ENTRADA PRINCIPAL - NOME PESSOAL | |
| Nome pessoal | Suárez, Natália Ferreira |
| 100 ## - ENTRADA PRINCIPAL - NOME PESSOAL | |
| Nome pessoal | Peche, Pedro Maranha |
| 100 ## - ENTRADA PRINCIPAL - NOME PESSOAL | |
| Nome pessoal | Ribeiro, Carlos Henrique Milagres |
| 245 ## - TÍTULO PRINCIPAL | |
| Título principal | Silicon application for the production and quality of raspberry fruit in a subtropical region |
| 500 ## - NOTA GERAL | |
| Nota geral | <br/>Publicação on-line; 24 ref.; 3 illus.; 3 tables; Summaries (En, Pt) |
| 942 ## - ADDED ENTRY ELEMENTS (KOHA) | |
| Koha item type | |
| 520 ## - NOTA DE RESUMO | |
| Nota de conteúdo | <br/><br/>Abstract – The objective of this work was to evaluate the effect of silicon (Si)<br/>on the cultivation and quality of raspberries (Rubus idaeus). The experiment<br/>consisted of seven treatments and four blocks located in a subtropical region.<br/>Each plot consisted of three pots with one seedling of 'Batum' raspberry. In<br/>each pot, the treatment consisted of Si doses at 0, 50, 100, 200, 400, 800, or<br/>1600 mg dm-3, which were applied to the soil 15 days after the transplanting of<br/>the seedlings. Field analyses were performed by measuring chlorophyll a and<br/>b, water potential, and production. Fruit were analyzed for color, firmness,<br/>respiratory rate, soluble solids, and pH. Fertilization with Si stimulates the<br/>increase of fruit number and of the raspberry production per plant. The Si<br/>application increases the fruit production and fruit firmness; however, it<br/>reduces the water potential and respiration rate.<br/><br/><br/>Index terms: Rubus idaeus, abiotic stresses, plant nutrition. |
| 520 ## - NOTA DE RESUMO | |
| Nota de conteúdo | <br/><br/>Resumo – O objetivo deste trabalho foi avaliar o efeito do silício (Si) sobre o<br/>cultivo e a qualidade de framboesa (Rubus idaeus). O experimento consistiu<br/>de sete tratamentos e quatro blocos em região de clima subtropical. Cada<br/>parcela foi composta de três vasos com uma muda da framboeseira 'Batum'.<br/>Em cada vaso, o tratamento consistiu de doses de Si a 0, 50, 100, 200, 400,<br/>800 ou 1600 mg dm-3, que foram aplicadas ao solo 15 dias após o transplante<br/>das mudas. As análises de campo foram realizadas pela medição de clorofilas<br/>a e b, potencial hídrico e produção. Os frutos foram analisados quanto à cor,<br/>firmeza, taxa respiratória, sólidos solúveis e pH. A adubação com Si estimula<br/>o aumento do número de frutos e da produção de framboesa por planta. O<br/>silício promove o aumento da produção e a firmeza dos frutos, no entanto,<br/>reduz o potencial hídrico e a taxa de respiração.<br/><br/><br/>Termos para indexação: Rubus idaeus, estresse abiótico, nutrição vegetal. |
| 650 ## - ASSUNTO - THESAGRO | |
| Cabeçalho tópico ou nome geográfico | FRAMBOESA |
| 650 ## - ASSUNTO - THESAGRO | |
| Cabeçalho tópico ou nome geográfico | FRUTA DE CLIMA TEMPERADO |
| 650 ## - ASSUNTO - THESAGRO | |
| Cabeçalho tópico ou nome geográfico | NUTRIÇÃO VEGETAL |
| 650 ## - ASSUNTO - THESAGRO | |
| Cabeçalho tópico ou nome geográfico | SILÍCIO |
| 650 ## - ASSUNTO - THESAGRO | |
| Cabeçalho tópico ou nome geográfico | CLOROFILA |
| 650 ## - ASSUNTO - THESAGRO | |
| Cabeçalho tópico ou nome geográfico | PROPRIEDADE FÍSICO-QUÍMICA |
| 650 ## - ASSUNTO - THESAGRO | |
| Cabeçalho tópico ou nome geográfico | FISIOLOGIA VEGETAL |
| 650 ## - ASSUNTO - THESAGRO | |
| Cabeçalho tópico ou nome geográfico | DEFICIÊNCIA HÍDRICA |
| 773 0# - ENTRADA ANALÍTICA | |
| Host Biblionumber | 920 |
| Registro do item | 25804 |
| Imprenta | Brasília-DF Empresa Brasileira de Pesquisa Agropecuária - EMBRAPA 1966- |
| Outro identificador | 2023-436359 |
| Título | Pesquisa Agropecuária Brasileira (Brazil) |
| ISSN | 0100-204X |
| Colação | v. 58 p. 1-9; (2023) |
| Número de controle de registro | BR2024001176 |
| 856 ## - ACESSO E ENDEREÇO ELETRÔNICO | |
| Identificador uniforme de recurso - URI | https://www.scielo.br/j/pab/a/Ttk3xXQBmCHKX7R5nJKqGHj/?format=pdf&lang=en |
Nenhum exemplar disponível.

BINAGRI